| 000 | 01625cam a2200457 4500 | ||
|---|---|---|---|
| 003 | PE-LiUPU | ||
| 005 | 20250731173555.0 | ||
| 020 | _a847151737X | ||
| 035 | _a(Sirsi) i9788471517371 | ||
| 035 | _a(Sirsi) 20572 | ||
| 035 | _a(Sirsi) 20572 | ||
| 041 | _aes | ||
| 044 | _aes | ||
| 082 | 0 | 4 |
_a266.007 _bS21 |
| 100 | 1 | _aSantos Hernández, Angel | |
| 245 |
_aTeología sistemática de la misió : _bprogresiva evolución del concepto de misión / _cÁngel Santos Hernández. |
||
| 264 | 1 |
_aEstella (Navarra) : _bEd. Verbo Divino, _c1991 |
|
| 300 |
_a753 páginas ; _c22 cm. |
||
| 490 | 0 | _aMisión sin fronteras | |
| 504 | _aBibliografía: p. 15-21. | ||
| 505 | 0 | _aPresentación de las diversas escuelas misionológicas -- Ampliación moderna del concepto tradicional de la misión -- Algunos temas concretosde la evangelización moderna -- Aplicación a diversos casos concretos -- El diálogo ecuménico -- La redemptoris missio de Juan Pablo II. | |
| 526 | _aSEG42 | ||
| 526 | _aSEG41 | ||
| 526 | _aSEG40 | ||
| 526 | _aSEG39 | ||
| 526 | _aP94 | ||
| 526 | _aP87 | ||
| 526 | _aP86 | ||
| 526 | _aP85 | ||
| 526 | _aP77 | ||
| 526 | _aP76 | ||
| 526 | _aP35 | ||
| 650 | 1 | 4 | _aMisiones |
| 942 |
_2ddc _cBOOK |
||
| 949 |
_a266.007 S21 _i43478 _lPOSTGRADO _mBUL _tLIBRO _o.STAFF. Posgrado |
||
| 859 |
_q43478 _h266.007 _iS21 |
||
| 910 | _aaj-em | ||
| 596 | _a1 | ||
| 999 |
_a266.007 S21 _wDEWEY _c61449 _i43478 _d61449 _f2021-11-10 _g5 _lCCODEBUL1 _mBUL _q1 _r0 _sY _tBOOK _u2015-6-16 _xTEOLOGIA _zUNKNOWN _0COMPRA _o.STAFF. Colección General |
||
| 980 |
_81 _gALBERTO SANCHEZ Responsable de Automatización |
||